MAASAI MARA UNIVERSITY

LIBRARY CATALOGUE

Contact Us: +254 020 2685356/7 or 0774 057787

Box: 861-20500, NAROK, KENYA

Email: info@mmarau.ac.ke

_Macmillan teach yourself Spanish in 24 hours Clark M Zlotchew (Record no. 13241)

MARC details
000 -LEADER
fixed length control field 00474nam a2200157Ia 4500
008 - FIXED-LENGTH DATA ELEMENTS--GENERAL INFORMATION
fixed length control field 151021s9999 xx 000 0 und d
020 ## - INTERNATIONAL STANDARD BOOK NUMBER
International Standard Book Number 29636163
050 ## - LIBRARY OF CONGRESS CALL NUMBER
Classification number PC4112.5 .Z22 2005
245 ## - TITLE STATEMENT
Title _Macmillan teach yourself Spanish in 24 hours Clark M Zlotchew
260 ## - PUBLICATION, DISTRIBUTION, ETC. (IMPRINT)
Place of publication, distribution, etc. Indianapolis Pearson Education Macmillan 2000
300 ## - PHYSICAL DESCRIPTION
Extent xvii,510p.
500 ## - GENERAL NOTE
General note Includes index.
500 ## - GENERAL NOTE
General note Includes index.
650 ## - SUBJECT ADDED ENTRY--TOPICAL TERM
Topical term or geographic name as entry element _Spanish
980 ## - EQUIVALENCE OR CROSS-REFERENCE-SERIES STATEMENT--PERSONAL NAME/TITLE [LOCAL, CANADA]
Personal name ^d20130514 12:06:27^oanne

No items available.

© 2016 Maasai Mara University.